| 000 | 01298cam5a220031300 4500 | ||
|---|---|---|---|
| 001 | lce00784752 | ||
| 008 | 731108s1973 nyua b 001 0 eng | ||
| 010 | _a 72089483 | ||
| 020 | _a071481590X | ||
| 020 |
_c _29.50 |
||
| 035 | _a(Sirsi) r87180 | ||
| 035 | _a(DLC) 72089483 | ||
| 035 | _a(UPRA)lce00784752 | ||
| 040 | _dUPRA | ||
| 041 | 1 |
_aeng fre _heng fre |
|
| 043 |
_ae-be--- e-fr--- _ae-be--- e-fr--- |
||
| 050 | 0 |
_aNX549.A1 _bJ8413 |
|
| 082 | _a760/.0944 | ||
| 100 | 1 |
_aJullian, Philippe. _6A46629.1 |
|
| 245 | 1 | 4 |
_aThe symbolists / _c[translated by Mary Anne Stevens]. |
| 260 |
_a[New York] : _bPhaidon; [distributed by Praeger Publishers, _c1973] |
||
| 504 | _aIncludes bibliographical references. | ||
| 650 | 0 |
_aSymbolism (Art movement) -- France. _zSymbolism (Art movement) -- France. _6S35883.1 |
|
| 650 | 0 |
_aArts, Modern -- 19th century -- France. _yArts, Modern -- 19th century -- France. _zArts, Modern -- 19th century -- France. _6S35884.1 |
|
| 650 | 0 |
_aSymbolism (Art movement) -- Belgium. _zSymbolism (Art movement) -- Belgium. _6S35885.1 |
|
| 650 | 0 |
_aArts, Modern -- 19th century -- Belgium. _yArts, Modern -- 19th century -- Belgium. _zArts, Modern -- 19th century -- Belgium. _6S35886.1 |
|
| 949 |
_aNX549.A1 _wlcc _i-121424 _mMAIN _tBOOK _lON-SHELF |
||
| 004 | 87180 | ||
| 999 |
_c127308 _d127308 |
||